000 00388 a2200169 4500
001 189125
020 _a978-85-16-05662-9
040 _cMagnum
100 _aPeruzzo, Tito Miragaia
240 1 0 _aQuímica na abordagem do cotidiano
_lpor
245 1 0 _aQuímica na abordagem do cotidiano
300 _a760
362 0 _a2009
440 1 _aModerna
697 _aQUÍMICA
942 _cBK
999 _c189125
_d189125